00269nam a2200133Ia 45000030006000000080041000060400015000471000014000622450018000762600006000943000006001005460012001060050017001180STCL150530s9999 xx 000 0 und d aSTCLcSTCL aElton, O. aAugustan ages c0 a0 aEnglish20220125170913.0